000 01209nam0a22002891 4500
001 rc\685583
005 20031121170055.4
035 _a(NLR Aleph) 005922635
090 _a6493519
_c6493519
100 _a20031121d1985 u |0rusy50 ca
101 0 _arus
102 _aRU
105 _aa |||||||||
200 1 _aО совместном КХД-анализе глубоконеупругих и двухчастичных лептон-нуклонных процессов
_fА.А. Бельков, Ю.П. Иванов, С.Г. Коваленко
210 _aСерпухов
_cИФВЭ
_d1985
215 _a13 с.
_cграф.
_d21
225 1 _aПрепринт
_fГос. ком. по использ. атом. энергии СССР, Ин-т физики высоких энергий
_vИФВЭ ОНФ 85-75
300 _aРез. на англ. яз.
320 _aБиблиогр.: с. 11
700 1 _aБельков
_bА. А.
_gАлександр Аркадьевич
701 1 _aИванов
_bЮ. П.
701 1 _aКоваленко
_bС. Г.
_gСергей Григорьевич
801 0 _aRU
_bNLR
_gpsbo
801 1 _aRU
_bELAR
_2rusmarc
852 _aNLR
_j85-6/5808
942 _cBOOK
980 _aNB